Najdrożsi piłkarze z Azji - Statystyki

Ogólne statystyki
  • Ten quiz został rozwiązany 34 razy
    2 od ostatniego zresetowania
  • Średni wynik to 2 z 10
Statystyki odpowiedzi
Wartość Pozycja Piłkarz % Poprawnych
30 MLN Napastnik Heung-min Son
100%
30 MLN Obrońca Hiroki Ito
50%
35 MLN Obrońca Abdukodir Khusanov
0%
17 MLN Pomocnik Kaishu Sano
0%
30 MLN Pomocnik Kang-in Lee
0%
45 MLN Napastnik Kaoru Mitoma
0%
45 MLN Obrońca Min-jae Kim
0%
22 MLN Napastnik Ritsu Doan
0%
40 MLN Napastnik Takefusa Kubo
0%
25 MLN Obrońca Takehiro Tomiyasu
0%
Nie znaleziono quizów pasujących do podanych kryteriów
Rozkład punktacji
Procent ludzi z każdym wynikiem
Percentyl według liczby udzielonych odpowiedzi
Twoja historia wyników
Nie rozwiązałeś tego quizu od ostatniego zresetowania